header

Rule of law and democracy (Record no. 185973)

MARC details
000 -LEADER
fixed length control field 02259nam a2200385 a 4500
082 04 - DEWEY DECIMAL CLASSIFICATION NUMBER
Classification number 340/.11
245 00 - TITLE STATEMENT
Title Rule of law and democracy
260 ## - PUBLICATION, DISTRIBUTION, ETC. (IMPRINT)
Place of publication Leiden ;
-- Boston :
Name of publisher Brill,
Year of publication 2010.
300 ## - PHYSICAL DESCRIPTION
Number of Pages xi, 215 p.
490 1# - SERIES STATEMENT
Series statement International studies in sociology and social anthropology ;
505 00 - FORMATTED CONTENTS NOTE
Formatted contents note The rule of law as an institutional ideal / Gianluigi Palombella -- The two "rules of law" between transition to and quality of democracy / Leonardo Morlino -- Beyond judicial independence : rule of law and judicial accountabilities in assessing democratic quality / Daniela Piana -- The end of the democratic transition? : analyzing the quality of democracy model in post-communism / Monica Ciobanu -- Constitutionalizing governing and governance in Europe / Poul F. Kjaer -- The Rechtsstaat and social Europe : how a classical tension resurfaces in the European integration process / Christian Joerges -- How (il)liberal is the liberal theory of law? : some critical remarks on Slaughter's approach / Friedrich Kratochwil.
650 #0 - SUBJECT ADDED ENTRY--TOPICAL TERM
Topical Term Rule of law.
Topical Term Democracy.
700 1# - ADDED ENTRY--PERSONAL NAME
Personal name Morlino, Leonardo,
Personal name Palombella, Gianluigi.
856 40 - ELECTRONIC LOCATION AND ACCESS
Uniform Resource Identifier http://site.ebrary.com/lib/rucke/Doc?id=10419794

No items available.

© 2026 Rongo University
Contact us: librarian | system librarian | Rongo university